000 00721nam a2200265 i 4500
001 C2-0267041
003 PPAK
005 20180727234337.0
008 050906s2002 caua|||| ||||| | eng d
020 _a1560069082
040 _aPPAK
_beng
_cPPAK
_erda
082 0 4 _a616.898
_223
090 0 0 _a616.898
_bABR
_dR
100 1 _aAbramovitz, Melissa,
_eauthor
245 1 0 _aSchizophrenia
264 1 _aCalifornia :
_bLucent Books ,
_c2002
300 _a112 pages :
_billustrations ;
_c23 cm
336 _2rdacontent
_atext
337 _2rdamedia
_aunmediated
338 _2rdacarrier
_avolume
490 1 _aDiseases and disorders
650 1 0 _aMental illness.
830 0 _aDiseases and disorders
942 _ddc
_cB
999 _c76069
_d76069